000 00932nas a2200289 4500
001 BR0404585
003 BR-BrBNA
005 20231205104845.0
007 ta
008 230509b bl.|||p| |||| 00| 00por d
040 _aBR-BrBNA
_bpor
_cBiblioteca Nacional de Agricultura
041 _a(Pt)
072 _aJ11
100 1 _aBrackmann, A.
100 1 _aTrevisan, J.N.
100 1 _aMartins, G.A.K.
100 1 _aFreitas, S.T. de
100 1 _aMello, A.M. de
245 1 _aEtileno, 1-Metilciclopropeno e qualidade de repolho cv. Wakaba armazenado em ambiente refrigerado
650 _aREPOLHO
650 _aARMAZENAMENTO
650 _aREFRIGERAÇÃO
773 0 _tRevista Brasileira de Agrociência (Brazil)
_xISSN 0104-8996
_g(Oct-Dec 2003), v. 9(4) p. 403-405
_wBR0404585
856 4 0 _uhttp://www.ufpel.tche.br/faem/agrociencia/v9n4/artigo16.htm
909 _a202311
_bLúcia
_c55
_dLúcia Elande
942 _2AGRIS
_n0
_cANA
999 _c179996
_d179996